[Event "Maharashtra Chess League"]
[Site "Pune"]
[Date "2014.06.14"]
[Round "?"]
[White "Kunte, Abhijit"]
[Black "Negi, Parimarjan"]
[Result "0-1"]
[WhiteElo "2482"]
[BlackElo "2631"]
[PlyCount "120"]
[EventDate "2014.06.11"]
[EventType "team"]
[EventCountry "IND"]

1. Nf3 Nf6 2. g3 d5 3. Bg2 Bg4 4. c4 e6 5. O-O Nbd7 6. cxd5 exd5 7. d3 c6 8. h3
Bxf3 9. Bxf3 Bd6 10. Bg2 O-O 11. Nd2 Re8 12. Nf3 Qb6 13. e3 a5 14. Qc2 a4 15.
Bd2 Bb4 16. Bxb4 Qxb4 17. a3 Qc5 18. Rac1 Ra5 19. Rfd1 g6 20. Nd4 Qxc2 21. Rxc2
Nc5 22. Bf1 Nfd7 23. Rc3 Ne6 24. Ne2 d4 25. Nxd4 Nxd4 26. exd4 Rb5 27. Rb1 Rd8
28. Be2 Nb6 29. Rc5 Rb3 30. Rc3 Rxd4 31. Rxb3 axb3 32. Kg2 f5 33. Kf3 f4 34.
Rc1 fxg3 35. fxg3 Na4 36. Ke3 Rd5 37. d4 Kg7 38. Bc4 Rg5 39. g4 Nxb2 40. Bxb3
Rb5 41. Rc3 Ra5 42. Rc2 Nd1+ 43. Kf4 g5+ 44. Ke4 Rxa3 45. Be6 Rxh3 46. d5 Nc3+
47. Kf5 cxd5 48. Kxg5 Rf3 49. Bf5 b5 50. Rb2 h6+ 51. Kh4 Kf6 52. Rb3 d4 53. Ra3
Ke5 54. Ra6 d3 55. Re6+ Kd5 56. Re8 b4 57. Rd8+ Kc4 58. Be6+ Kc5 59. g5 hxg5+
60. Kxg5 {Bg4} Rg3+ 0-1

[Event "Maharashtra Chess League"]
[Site "Pune"]
[Date "2014.06.14"]
[Round "?"]
[White "Deshmukh, Anup"]
[Black "Rout, Padmini"]
[Result "0-1"]
[WhiteElo "2256"]
[BlackElo "2367"]
[PlyCount "68"]
[EventDate "2014.06.11"]
[EventType "team"]
[EventCountry "IND"]

1. e4 c5 2. Nf3 d6 3. Nc3 Nf6 4. d4 cxd4 5. Nxd4 a6 6. Bc4 e6 7. Bb3 Nbd7 8.
O-O Nc5 9. Qe2 Be7 10. Rd1 Qc7 11. a4 Nxb3 12. cxb3 O-O 13. Be3 Bd7 14. a5 Rac8
15. f3 d5 16. exd5 Nxd5 17. Nxd5 exd5 18. Qd2 Bd6 19. h3 Rfe8 20. Kh1 h6 21.
Rac1 Qd8 22. Rxc8 Bxc8 23. Bg1 Qh4 24. Bh2 Bc5 25. Bg1 Bxh3 26. Bf2 Qh5 27. Re1
Be6+ 28. Kg1 Bd6 29. f4 Qg4 30. g3 h5 31. Qe2 Qxe2 32. Rxe2 Bd7 33. Rxe8+ Bxe8
34. Nc2 f6 0-1

[Event "Maharashtra Chess League"]
[Site "Pune"]
[Date "2014.06.14"]
[Round "?"]
[White "Vignesh, Nr"]
[Black "Sharma, Himanshu"]
[Result "0-1"]
[WhiteElo "2085"]
[BlackElo "2427"]
[PlyCount "110"]
[EventDate "2014.06.11"]
[EventType "team"]
[EventCountry "IND"]

1. d4 d5 2. c4 c6 3. Nf3 Nf6 4. e3 a6 5. Bd3 g6 6. O-O Bg7 7. Nbd2 O-O 8. b3
Bg4 9. Bb2 e6 10. h3 Bxf3 11. Nxf3 Nbd7 12. Qc2 Qe7 13. a4 Rfc8 14. Ba3 Qe8 15.
e4 dxe4 16. Bxe4 Nxe4 17. Qxe4 Nf6 18. Qf4 Rd8 19. Bd6 Nh5 20. Qh2 Bf8 21. Bc7
Rd7 22. g4 Ng7 23. Be5 Qe7 24. Qf4 Ne8 25. Qe3 Rad8 26. Rad1 f6 27. Bg3 e5 28.
Rfe1 exd4 29. Qxe7 Bxe7 30. Rxd4 Rxd4 31. Nxd4 Bb4 32. Re2 Kf7 33. Ne6 Rd3 34.
Kg2 Be7 35. b4 Bxb4 36. f4 Ng7 37. Nxg7 Kxg7 38. Re8 f5 39. Rb8 Rd7 40. Kf3 Bc3
41. Bf2 Kf7 42. Bc5 Bf6 43. Ke3 Be7 44. Bd4 Bd6 45. Rh8 Bxf4+ 46. Kxf4 Rxd4+
47. Ke5 Re4+ 48. Kd6 Kg7 49. Rb8 fxg4 50. Rxb7+ Kh6 51. c5 gxh3 52. a5 h2 53.
Rb1 Rh4 54. Rh1 g5 55. Kxc6 g4 0-1

[Event "Maharashtra Chess League"]
[Site "Pune"]
[Date "2014.06.14"]
[Round "?"]
[White "Gupta, Abhijeet"]
[Black "Adhiban, B."]
[Result "1-0"]
[WhiteElo "2636"]
[BlackElo "2575"]
[PlyCount "60"]
[EventDate "2014.06.11"]
[EventType "team"]
[EventCountry "IND"]

1. Nf3 Nf6 2. c4 g6 3. Nc3 Bg7 4. e4 c5 5. d4 Qa5 6. Bd2 cxd4 7. Nxd4 Nc6 8.
Nb3 Qd8 9. Be2 a5 10. Be3 a4 11. Nd4 a3 12. b3 Qa5 13. Nxc6 dxc6 14. Bd2 O-O
15. O-O Rd8 16. Nd5 Qc5 17. Be3 Qd6 18. e5 Qd7 19. exf6 cxd5 20. fxg7 d4 21.
Bh6 Ra5 22. Bf3 f6 23. b4 Re5 24. Qb3 e6 25. c5 Rf5 26. Rfe1 Qe7 27. Re4 Rdd5
28. Bf4 Qd7 29. Bd6 Rxf3 30. gxf3 Qxg7 1-0

[Event "Maharashtra Chess League"]
[Site "Pune"]
[Date "2014.06.14"]
[Round "?"]
[White "Gagare, Shardul"]
[Black "Srinath, Narayanan"]
[Result "1/2-1/2"]
[WhiteElo "2358"]
[BlackElo "2484"]
[PlyCount "52"]
[EventDate "2014.06.11"]
[EventType "team"]
[EventCountry "IND"]

1. c4 c5 2. g3 g6 3. Bg2 Bg7 4. Nc3 Nc6 5. Nf3 a5 6. O-O e5 7. d3 d6 8. a3 Nge7
9. Rb1 O-O 10. Ne1 Be6 11. Bg5 Qd7 12. Nc2 f6 13. Be3 b6 14. b4 axb4 15. axb4
Rab8 16. Bd2 d5 17. cxd5 Nxd5 18. bxc5 Nxc3 19. Bxc3 bxc5 20. Rxb8 Rxb8 21. Qa1
Nd4 22. Bxd4 cxd4 23. Rb1 Rxb1+ 24. Qxb1 Bd5 25. Nb4 Bxg2 26. Qa2+ Qf7 1/2-1/2

[Event "Maharashtra Chess League"]
[Site "Pune"]
[Date "2014.06.14"]
[Round "?"]
[White "Patil, Pratik"]
[Black "Hagawane, Aakanksha"]
[Result "1-0"]
[WhiteElo "2203"]
[BlackElo "1802"]
[PlyCount "95"]
[EventDate "2014.06.11"]
[EventType "team"]
[EventCountry "IND"]

1. e4 e5 2. Bc4 Nf6 3. d3 Bc5 4. Nc3 d6 5. h3 a6 6. Qe2 Nc6 7. Nf3 h6 8. Bd2
Be6 9. Nd5 Bxd5 10. Bxd5 Nxd5 11. exd5 Ne7 12. c4 Qd7 13. Bc3 O-O 14. O-O-O
Rfe8 15. Kb1 b5 16. Rhe1 a5 17. g4 Ng6 18. Bd2 bxc4 19. dxc4 e4 20. Ng1 Ne5 21.
Qxe4 Bxf2 22. Rf1 Bxg1 23. Rxg1 Rab8 24. Rgf1 Qa4 25. Rc1 Qd7 26. Qd4 a4 27.
Bc3 a3 28. b3 f6 29. Ka1 Qf7 30. Rcd1 Qg6 31. Rf2 Nd7 32. Qa7 Nc5 33. Qxa3 Ra8
34. Qb2 Reb8 35. b4 Qe4 36. Qe2 Qxe2 37. Rxe2 Na4 38. Be1 Nb6 39. c5 dxc5 40.
bxc5 Nd7 41. Bf2 Rb5 42. Rc2 Raa5 43. c6 Nf8 44. d6 cxd6 45. c7 Ra8 46. c8=Q
Rxc8 47. Rxc8 d5 48. Bc5 1-0

[Event "Maharashtra Chess League"]
[Site "Pune"]
[Date "2014.06.14"]
[Round "?"]
[White "Kunte, Abhijit"]
[Black "Adhiban, B."]
[Result "1/2-1/2"]
[WhiteElo "2482"]
[BlackElo "2575"]
[PlyCount "70"]
[EventDate "2014.06.11"]
[EventType "team"]
[EventCountry "IND"]

1. Nf3 Nf6 2. g3 g6 3. Bg2 Bg7 4. d4 O-O 5. O-O d5 6. Nbd2 c5 7. dxc5 Qc7 8.
Nb3 e5 9. Bg5 Be6 10. c3 Nbd7 11. Ne1 a5 12. a4 Nxc5 13. Bxf6 Bxf6 14. Bxd5
Rfd8 15. c4 e4 16. Qc2 Nxb3 17. Qxb3 Bxd5 18. cxd5 Ra6 19. Ng2 Rb6 20. Qe3 Rxb2
21. Rab1 Rxb1 22. Rxb1 Rxd5 23. Qxe4 Qc6 24. Ne1 Rd4 25. Qe3 Rxa4 26. Rb6 Ra1
27. Rxc6 Rxe1+ 28. Kg2 bxc6 29. Qd2 Ra1 30. e4 c5 31. Qd6 Bd4 32. e5 Ra2 33.
Qd8+ Kg7 34. Qf6+ Kg8 35. Qd8+ Kg7 1/2-1/2

[Event "Maharashtra Chess League"]
[Site "Pune"]
[Date "2014.06.14"]
[Round "?"]
[White "Pujari, Rucha"]
[Black "Bakre, Tejas"]
[Result "0-1"]
[WhiteElo "2131"]
[BlackElo "2507"]
[PlyCount "68"]
[EventDate "2014.06.11"]
[EventType "team"]
[EventCountry "IND"]

1. d4 Nf6 2. c4 e6 3. Nf3 d5 4. Nc3 Bb4 5. Qa4+ Nc6 6. e3 O-O 7. Bd2 dxc4 8.
Bxc4 a6 9. O-O Bd6 10. Rad1 e5 11. dxe5 Nxe5 12. Nxe5 Bxe5 13. f4 Bd6 14. h3
Bxh3 15. gxh3 b5 16. Nxb5 axb5 17. Qxb5 Rb8 18. Qf5 Qe7 19. b3 Bc5 20. Kh2 Rbd8
21. Rg1 Bxe3 22. Bxe3 Rxd1 23. Rxd1 Qxe3 24. Rg1 Rd8 25. Rg2 Rd2 26. Qc8+ Ne8
27. Rxd2 Qxd2+ 28. Kg3 Qe3+ 29. Kg2 Qe4+ 30. Kg3 h5 31. Qd8 h4+ 32. Qxh4 Qe1+
33. Kg4 Nf6+ 34. Kg5 Qg1+ 0-1

[Event "Maharashtra Chess League"]
[Site "Pune"]
[Date "2014.06.14"]
[Round "?"]
[White "Vignesh, Nr"]
[Black "Mohanty, Kiran Manisha"]
[Result "1/2-1/2"]
[WhiteElo "2085"]
[BlackElo "2195"]
[PlyCount "86"]
[EventDate "2014.06.11"]
[EventType "team"]
[EventCountry "IND"]

1. d4 d5 2. c4 e6 3. Nf3 Nf6 4. g3 Be7 5. Bg2 O-O 6. O-O dxc4 7. Qc2 a6 8. Qxc4
b5 9. Qc2 Bb7 10. Bd2 Nbd7 11. Ba5 Rc8 12. Rc1 Nb6 13. Nbd2 c5 14. dxc5 Bxc5
15. Qd1 Qd6 16. Nb3 Qxd1+ 17. Rxd1 Na4 18. Nxc5 Nxc5 19. Rac1 Rfe8 20. Rd6 Bd5
21. Bb4 Nfe4 22. Rb6 Na4 23. Rxc8 Rxc8 24. Rxa6 Nxb2 25. Ne1 h6 26. Ra5 Rb8 27.
Nc2 Nc4 28. Ra7 Nf6 29. Nd4 Bxg2 30. Kxg2 Nd5 31. Be1 Nd6 32. Ra6 Ne4 33. f3
Nec3 34. a3 Rc8 35. e4 Ne3+ 36. Kf2 Ned1+ 37. Kg1 Rc4 38. Nc6 Ne2+ 39. Kf1 Rc2
40. Nb4 Ne3+ 41. Kf2 Nd1+ 42. Kf1 Ne3+ 43. Kf2 Nd1+ 1/2-1/2

[Event "Maharashtra Chess League"]
[Site "Pune"]
[Date "2014.06.14"]
[Round "?"]
[White "Gujrathi, Vidit"]
[Black "Rout, Padmini"]
[Result "1-0"]
[WhiteElo "2549"]
[BlackElo "2367"]
[PlyCount "67"]
[EventDate "2014.06.11"]
[EventType "team"]
[EventCountry "IND"]

1. d4 Nf6 2. c4 g6 3. Nc3 Bg7 4. Qb3 d5 5. Nf3 dxc4 6. Qxc4 Bg4 7. e4 O-O 8.
Be3 Nfd7 9. Qb3 Nb6 10. Rd1 Nc6 11. d5 Ne5 12. Be2 Nxf3+ 13. gxf3 Bh5 14. Rg1
Qc8 15. Rg3 c6 16. a4 cxd5 17. a5 Bxc3+ 18. bxc3 Nd7 19. Rxd5 Nf6 20. Rb5 b6
21. Bd4 Kh8 22. Qa3 Re8 23. Rxh5 Kg8 24. Re5 e6 25. Rb5 Nd7 26. h4 bxa5 27. h5
Rb8 28. hxg6 hxg6 29. Qxa5 e5 30. Be3 a6 31. Rxb8 Qxb8 32. Qb4 Qc7 33. Qc4 Qd6
34. Qd5 1-0

[Event "Maharashtra Chess League"]
[Site "Pune"]
[Date "2014.06.15"]
[Round "?"]
[White "Rout, Padmini"]
[Black "Karavade, Eesha"]
[Result "1/2-1/2"]
[WhiteElo "2367"]
[BlackElo "2437"]
[PlyCount "87"]
[EventDate "2014.06.11"]
[EventType "team"]
[EventCountry "IND"]

1. e4 e5 2. Nf3 Nc6 3. Bb5 Nf6 4. O-O Nxe4 5. d4 Nd6 6. Bxc6 dxc6 7. dxe5 Nf5
8. Qxd8+ Kxd8 9. Rd1+ Ke8 10. Nc3 Be6 11. h3 Ne7 12. Nd4 Ng6 13. f4 Bc5 14. Be3
Bxd4 15. Rxd4 h5 16. a4 a5 17. Ne4 Ne7 18. Rd2 Rd8 19. Rad1 Rxd2 20. Rxd2 b6
21. b3 Nf5 22. Bf2 Ke7 23. Ng3 Nxg3 24. Bxg3 h4 25. Bf2 Bf5 26. Be3 Rd8 27. c3
Rxd2 28. Bxd2 Bc2 29. b4 axb4 30. cxb4 Bxa4 31. Be1 c5 32. bxc5 bxc5 33. Bxh4+
Ke6 34. Kf2 Kd5 35. Ke3 Bc2 36. Bd8 c6 37. g4 g6 38. h4 Bd1 39. h5 gxh5 40.
gxh5 Bxh5 41. Kd3 Bg6+ 42. Kc3 c4 43. Bg5 Bd3 44. Bh6 1/2-1/2

[Event "Maharashtra Chess League"]
[Site "Pune"]
[Date "2014.06.15"]
[Round "?"]
[White "Kulkarni, Rakesh"]
[Black "Gagare, Shardul"]
[Result "1/2-1/2"]
[WhiteElo "2274"]
[BlackElo "2358"]
[PlyCount "87"]
[EventDate "2014.06.11"]
[EventType "team"]
[EventCountry "IND"]

1. e4 c6 2. d4 d5 3. Nd2 dxe4 4. Nxe4 Bf5 5. Ng3 Bg6 6. Nh3 Nf6 7. Bc4 e6 8.
Nf4 Bd6 9. Bb3 Nbd7 10. Qf3 a5 11. c3 a4 12. Nxg6 hxg6 13. Bc2 Qa5 14. a3 g5
15. Bd2 g4 16. Qd3 Qd5 17. Ne4 Nxe4 18. Qxe4 Qxe4+ 19. Bxe4 Nf6 20. Bc2 g3 21.
h3 Ng4 22. fxg3 Bxg3+ 23. Ke2 Nf6 24. Rhf1 Bd6 25. Bg5 Be7 26. Rf3 Ra5 27. Bd2
Ra8 28. Raf1 Rf8 29. g4 Nd5 30. g5 f6 31. gxf6 gxf6 32. h4 f5 33. h5 Kf7 34.
Rg1 b5 35. Rfg3 Rg8 36. Rg6 Nf6 37. Rxg8 Rxg8 38. Rxg8 Kxg8 39. c4 Nxh5 40.
cxb5 cxb5 41. Bd3 Bf6 42. Be3 e5 43. dxe5 Bxe5 44. Bxb5 1/2-1/2

[Event "Maharashtra Chess League"]
[Site "Pune"]
[Date "2014.06.15"]
[Round "?"]
[White "Kulkarni, Bhakti"]
[Black "Kelkar, Abhishek"]
[Result "0-1"]
[WhiteElo "2278"]
[BlackElo "2265"]
[PlyCount "70"]
[EventDate "2014.06.11"]
[EventType "team"]
[EventCountry "IND"]

1. d4 Nf6 2. c4 g6 3. Nc3 Bg7 4. e4 d6 5. Nf3 O-O 6. Be2 Bg4 7. Ng1 Bc8 8. Nf3
Bg4 9. O-O Nfd7 10. Be3 Nc6 11. d5 Bxf3 12. gxf3 Ncb8 13. Qd2 e5 14. f4 Qh4 15.
Rac1 a5 16. Kh1 Nf6 17. Kg2 Nbd7 18. Bf3 Ng4 19. h3 Nxe3+ 20. fxe3 Bh6 21. Ne2
Rae8 22. Qxa5 exf4 23. exf4 Nc5 24. Qxc7 Nxe4 25. Qa5 Bxf4 26. Bxe4 Bxc1 27.
Bf3 Bxb2 28. Qb5 Be5 29. c5 dxc5 30. Qxc5 Qg5+ 31. Kh1 Rc8 32. Qb6 Rc2 33. Rg1
Qh4 34. Bg2 Rxe2 35. Rf1 Rxg2 0-1

[Event "Maharashtra Chess League"]
[Site "Pune"]
[Date "2014.06.15"]
[Round "?"]
[White "Kunte, Abhijit"]
[Black "Sharma, Himanshu"]
[Result "1-0"]
[WhiteElo "2482"]
[BlackElo "2427"]
[PlyCount "131"]
[EventDate "2014.06.11"]
[EventType "team"]
[EventCountry "IND"]

1. Nf3 d5 2. g3 c6 3. Bg2 Bf5 4. c4 e6 5. cxd5 exd5 6. d3 Be7 7. O-O Nf6 8. Qc2
O-O 9. Nc3 Na6 10. a3 h6 11. e4 Bh7 12. Rd1 Nc7 13. Qb3 Qc8 14. e5 Nd7 15. Be3
Nc5 16. Qc2 N5e6 17. Rac1 f5 18. exf6 Bxf6 19. Ne2 Bf5 20. b4 Qd7 21. a4 d4 22.
Bd2 Nd5 23. Qc4 Rad8 24. a5 Ndc7 25. Bf4 Kh7 26. Bxc7 Nxc7 27. Nd2 a6 28. Ne4
Nb5 29. Re1 Nd6 30. Nxf6+ Rxf6 31. Qxd4 Qc7 32. Nf4 Nb5 33. Qc5 Rf7 34. Re5 Nd6
35. Rce1 Qd7 36. d4 Bg4 37. d5 cxd5 38. Rxd5 Rf6 39. h3 Be6 40. Rde5 Rxf4 41.
Rxe6 Rf7 42. Qc2+ Kh8 43. Qd3 Nf5 44. Qxd7 Rdxd7 45. Re8+ Kh7 46. Be4 g6 47. h4
h5 48. Bxf5 Rxf5 49. R8e7+ Rf7 50. Rxd7 Rxd7 51. Re6 Kg7 52. Rb6 Kh7 53. Kg2
Kg7 54. Kf3 Re7 55. Kf4 Kh7 56. f3 Kh6 57. g4 hxg4 58. fxg4 Kg7 59. Rd6 Kh7 60.
Kg5 Re5+ 61. Kf6 Re4 62. Rd7+ Kg8 63. g5 Rxb4 64. Kxg6 Kf8 65. h5 Ke8 66. Rc7
1-0

[Event "Maharashtra Chess League"]
[Site "Pune"]
[Date "2014.06.15"]
[Round "?"]
[White "Kulkarni, Chinmay"]
[Black "Hagawane, Aakanksha"]
[Result "1-0"]
[WhiteElo "2257"]
[BlackElo "1802"]
[PlyCount "101"]
[EventDate "2014.06.11"]
[EventType "team"]
[EventCountry "IND"]

1. Nf3 Nf6 2. c4 Nc6 3. g3 e5 4. Bg2 Bc5 5. O-O O-O 6. Nc3 a5 7. Nxe5 Nxe5 8.
d4 Bxd4 9. Qxd4 d6 10. Bg5 h6 11. Bf4 c5 12. Qd1 Nxc4 13. b3 Ne5 14. Nb5 g5 15.
Bc1 d5 16. h3 Bd7 17. a4 Bxb5 18. axb5 Qb6 19. f4 gxf4 20. Bxf4 Ng6 21. Bxh6
Rfe8 22. e3 d4 23. exd4 cxd4 24. Qf3 Re6 25. Qxb7 Qxb7 26. Bxb7 Rb8 27. Ba6 Ne4
28. Kg2 Nc5 29. Rxa5 Nxb3 30. Ra3 Nc5 31. Rc1 Ne4 32. Rc2 Nh4+ 33. gxh4 Rxh6
34. Rc8+ Rxc8 35. Bxc8 Rb6 36. Bd7 Nc5 37. Bc6 Kg7 38. Ra8 Kf6 39. Rg8 Ne6 40.
Kf3 Nc7 41. Rg5 Ne6 42. Rd5 Nc7 43. Rh5 Kg6 44. Rg5+ Kf6 45. Ke4 Ne6 46. Rd5
Nc7 47. Rf5+ Kg6 48. Rg5+ Kf6 49. Rf5+ Kg6 50. Rc5 Ne6 51. Rd5 1-0

[Event "Maharashtra Chess League"]
[Site "Pune"]
[Date "2014.06.15"]
[Round "?"]
[White "Srinath, Narayanan"]
[Black "Sachdev, Tania"]
[Result "1-0"]
[WhiteElo "2484"]
[BlackElo "2368"]
[PlyCount "103"]
[EventDate "2014.06.11"]
[EventType "team"]
[EventCountry "IND"]

1. e4 e5 2. Nf3 Nc6 3. d4 exd4 4. Nxd4 Nf6 5. Nc3 Bb4 6. Nxc6 bxc6 7. Bd3 O-O
8. O-O d5 9. exd5 cxd5 10. h3 c6 11. Qf3 Re8 12. Bf4 Bd6 13. Ne2 Bxf4 14. Nxf4
Rb8 15. b3 Qd6 16. Rad1 Bd7 17. c4 d4 18. Rfe1 c5 19. Qg3 Rxe1+ 20. Rxe1 Re8
21. Rxe8+ Bxe8 22. Kh2 Bc6 23. f3 Qe5 24. Bf1 Nd7 25. Nd3 Qxg3+ 26. Kxg3 a5 27.
a3 Kf8 28. b4 axb4 29. axb4 Ke7 30. bxc5 Bb7 31. Kf4 Ke6 32. h4 g6 33. g4 h6
34. Bh3 Ke7 35. g5 hxg5+ 36. hxg5 Nb8 37. Nb4 Kd8 38. Bg4 Nc6 39. Nxc6+ Bxc6
40. Ke5 d3 41. f4 d2 42. Bd1 Ke7 43. Kd4 f6 44. Ke3 fxg5 45. fxg5 Ke6 46. Bc2
d1=Q 47. Bxd1 Kf5 48. Bf3 Bd7 49. Bb7 Kxg5 50. c6 Be6 51. c7 Kf6 52. c8=Q 1-0

[Event "Maharashtra Chess League"]
[Site "Pune"]
[Date "2014.06.15"]
[Round "?"]
[White "Narayanan, Sunilduth Lyna"]
[Black "Adhiban, B."]
[Result "0-1"]
[WhiteElo "2413"]
[BlackElo "2575"]
[PlyCount "154"]
[EventDate "2014.06.11"]
[EventType "team"]
[EventCountry "IND"]

1. e4 c5 2. Nf3 d6 3. d4 cxd4 4. Nxd4 Nf6 5. Nc3 a6 6. Be3 e5 7. Nf3 Be7 8. Bc4
O-O 9. O-O Be6 10. Bb3 Re8 11. Qe2 Nbd7 12. Rfd1 Rc8 13. Bg5 Qc7 14. Rac1 Bc4
15. Qe1 b5 16. a3 Bxb3 17. cxb3 Qb7 18. b4 h6 19. Bh4 Rc6 20. h3 Rec8 21. Nd5
Bd8 22. Rxc6 Qxc6 23. Bxf6 Nxf6 24. Kh2 Nxd5 25. Rxd5 Bb6 26. Qd2 Qc2 27. Rxd6
Qxd2 28. Rxd2 Rc4 29. Re2 Bd4 30. Nxd4 Rxd4 31. f3 h5 32. Rc2 f6 33. Rc6 Rd2
34. Rxa6 Rxb2 35. Ra5 Ra2 36. h4 Kf7 37. Kg1 Kg6 38. Kf1 Kh6 39. Rxb5 Rxa3 40.
Rb8 Rb3 41. b5 Rb2 42. b6 g6 43. Ke1 Kg7 44. Kd1 Rxg2 45. Kc1 Rg1+ 46. Kc2 Rg2+
47. Kc3 Rg1 48. Kc4 Rb1 49. Kd5 g5 50. hxg5 fxg5 51. Kc6 h4 52. Ra8 Rc1+ 53.
Kd6 Rb1 54. Kc7 Rc1+ 55. Kd7 Rb1 56. Kc7 Rc1+ 57. Kb8 Rc3 58. b7 Rxf3 59. Kc7
Rf7+ 60. Kc6 Rxb7 61. Kxb7 g4 62. Kc6 g3 63. Kd5 g2 64. Ra7+ Kg6 65. Ra8 Kf7
66. Ra7+ Kf6 67. Ra6+ Kg5 68. Ra8 Kf4 69. Rf8+ Ke3 70. Rg8 h3 71. Kxe5 Kf2 72.
Rf8+ Ke2 73. Rg8 Kf1 74. Rf8+ Kg1 75. Ra8 h2 76. Ra1+ Kf2 77. Ra2+ Kf3 0-1

[Event "Maharashtra Chess League"]
[Site "Pune"]
[Date "2014.06.15"]
[Round "?"]
[White "Patil, Pratik"]
[Black "Kulkarni, Vikramaditya"]
[Result "1/2-1/2"]
[WhiteElo "2203"]
[BlackElo "2403"]
[PlyCount "202"]
[EventDate "2014.06.11"]
[EventType "team"]
[EventCountry "IND"]

1. e4 e6 2. d4 d5 3. Nd2 Be7 4. Bd3 c5 5. dxc5 Nf6 6. Qe2 O-O 7. Ngf3 Nfd7 8.
Nb3 a5 9. a4 Na6 10. O-O Ndxc5 11. Nxc5 Nxc5 12. Bf4 dxe4 13. Bxe4 f6 14. Rfd1
Qb6 15. Nd2 Nxe4 16. Nxe4 e5 17. Be3 Qc6 18. Nc3 Be6 19. Qb5 Rfc8 20. Nd5 Bd8
21. c3 Qxb5 22. axb5 a4 23. Nb6 Bxb6 24. Bxb6 Bc4 25. Rd7 Bxb5 26. Rxb7 Rab8
27. Rxb8 Rxb8 28. c4 Rxb6 29. cxb5 Rxb5 30. Rxa4 Rxb2 31. h4 h5 32. g3 Kh7 33.
Ra7 Kg6 34. Kg2 Rb6 35. Rc7 f5 36. Rc5 Kf6 37. Ra5 g6 38. Rc5 Ra6 39. Rb5 Ke6
40. Rb8 Kd5 41. Rb5+ Kd4 42. Rb4+ Kd3 43. Rb3+ Kc4 44. Rb8 Rd6 45. Ra8 Rf6 46.
Ra5 e4 47. Ra4+ Kb5 48. Ra8 Kc5 49. Ra5+ Kd4 50. Ra4+ Kc5 51. Ra5+ Kb6 52. Ra8
Kc7 53. Ra7+ Kb6 54. Ra8 Kb7 55. Ra4 Re6 56. Rb4+ Kc6 57. Ra4 Kd5 58. Ra5+ Kd4
59. Ra4+ Ke5 60. Ra5+ Kf6 61. Ra8 Rc6 62. Ra2 Rb6 63. Rc2 Rd6 64. Ra2 Rc6 65.
Rb2 Rd6 66. Ra2 Ke5 67. Ra5+ Rd5 68. Ra6 Rd6 69. Ra5+ Kf6 70. Ra2 Rb6 71. Rc2
Ra6 72. Rb2 Rc6 73. Ra2 Ke5 74. Ra5+ Kf6 75. Ra2 f4 76. gxf4 Kf5 77. Ra5+ Kxf4
78. Rg5 Ra6 79. Rg3 Rf6 80. Rg5 Re6 81. Rg3 Ra6 82. Rg5 e3 83. fxe3+ Kxe3 84.
Kg3 Re6 85. Ra5 Re4 86. Ra3+ Kd4 87. Ra4+ Ke5 88. Ra5+ Kf6 89. Ra6+ Kf5 90.
Ra5+ Re5 91. Ra3 Rd5 92. Rb3 Rd4 93. Rb5+ Kf6 94. Rb6+ Kg7 95. Rb7+ Kf6 96.
Rb6+ Kf5 97. Rb5+ Ke6 98. Rb6+ Kf5 99. Rb5+ Kf6 100. Rb6+ Kg7 101. Rb7+ Kh6
1/2-1/2

[Event "Maharashtra Chess League"]
[Site "Pune"]
[Date "2014.06.15"]
[Round "?"]
[White "Prasanna Rao, S."]
[Black "Mohanty, Kiran Manisha"]
[Result "1-0"]
[WhiteElo "2427"]
[BlackElo "2195"]
[PlyCount "65"]
[EventDate "2014.06.11"]
[EventType "team"]
[EventCountry "IND"]

1. d4 d5 2. c4 e6 3. Nf3 Nf6 4. g3 Be7 5. Bg2 O-O 6. O-O dxc4 7. Qc2 a6 8. Qxc4
b5 9. Qc2 Bb7 10. Bd2 Be4 11. Qc1 Bb7 12. Bf4 Bd6 13. Nc3 Nbd7 14. Rd1 Qc8 15.
a3 Bxf4 16. Qxf4 c5 17. Rac1 cxd4 18. Nxb5 Qb8 19. Nbxd4 e5 20. Nxe5 Nxe5 21.
Bxb7 Qxb7 22. Qxe5 Qxb2 23. Qa5 Rfd8 24. Qb4 Qxb4 25. axb4 Kf8 26. Rc4 h5 27.
e3 Ng4 28. Rc5 g6 29. Ra1 Nf6 30. Rca5 Rd6 31. b5 Nd7 32. Rxa6 Rdxa6 33. Rxa6
1-0

[Event "Maharashtra Chess League"]
[Site "Pune"]
[Date "2014.06.15"]
[Round "?"]
[White "Pujari, Rucha"]
[Black "Dharia, Parnali"]
[Result "1-0"]
[WhiteElo "2131"]
[BlackElo "1874"]
[PlyCount "92"]
[EventDate "2014.06.11"]
[EventType "team"]
[EventCountry "IND"]

1. d4 d5 2. c4 e6 3. Nf3 c5 4. cxd5 exd5 5. g3 Nf6 6. Bg2 Nc6 7. O-O Be7 8.
dxc5 Bxc5 9. a3 a6 10. b4 Ba7 11. Bb2 O-O 12. Nbd2 Re8 13. Nb3 Bg4 14. h3 Bf5
15. Nfd4 Be4 16. f3 Bg6 17. Kh2 Qd6 18. Rc1 Ne5 19. Na5 b6 20. Nac6 Nc4 21.
Rxc4 dxc4 22. e4 Bb8 23. e5 Qc7 24. Nxb8 Raxb8 25. exf6 c3 26. Qc1 Rbc8 27. Ba1
Qc4 28. Qf4 Red8 29. Rd1 c2 30. Rc1 a5 31. Bf1 Qa2 32. bxa5 bxa5 33. Ba6 Rb8
34. Nc6 Qxa1 35. Rxa1 Rb1 36. Nxd8 Rxa1 37. Qe5 Rh1+ 38. Kxh1 c1=Q+ 39. Kg2
Qc2+ 40. Qe2 Qxe2+ 41. Bxe2 gxf6 42. Nc6 Kf8 43. Nxa5 Ke7 44. Nc4 Ke6 45. Kf2
Kd5 46. Ne3+ Ke5 1-0

[Event "Maharashtra Chess League"]
[Site "Pune"]
[Date "2014.06.15"]
[Round "?"]
[White "Gupta, Abhijeet"]
[Black "Gujrathi, Vidit"]
[Result "1/2-1/2"]
[WhiteElo "2636"]
[BlackElo "2549"]
[PlyCount "163"]
[EventDate "2014.06.11"]
[EventType "team"]
[EventCountry "IND"]

1. d4 Nf6 2. c4 e6 3. g3 Bb4+ 4. Bd2 Be7 5. Bg2 d5 6. Nf3 O-O 7. O-O c6 8. Qc2
b6 9. Rd1 Bb7 10. Bf4 Nbd7 11. Ne5 Nh5 12. Bd2 Nhf6 13. Bf4 Nh5 14. Bd2 Nhf6
15. cxd5 cxd5 16. Nc6 Bxc6 17. Qxc6 Rc8 18. Qb5 Nb8 19. Nc3 Ne8 20. e3 Nd6 21.
Qe2 f5 22. Be1 Bf6 23. Rac1 Qd7 24. f3 Rc7 25. Rc2 Rfc8 26. Rdc1 b5 27. b3 a6
28. Bf1 g5 29. Nd1 Rxc2 30. Rxc2 Rxc2 31. Qxc2 f4 32. Qd3 Nc6 33. Kh1 fxe3 34.
Nxe3 Bxd4 35. Bd2 Bg7 36. Ng4 Nf7 37. Bh3 Qd6 38. a4 bxa4 39. bxa4 h5 40. Nf2
Nce5 41. Qe2 Kf8 42. f4 Nc4 43. Bxe6 Nxd2 44. Bxf7 Kxf7 45. Qxd2 gxf4 46. gxf4
Qc6 47. Qd1 d4+ 48. Kg1 Qg6+ 49. Kf1 Qf5 50. Qb3+ Kg6 51. Qb6+ Qf6 52. Qb7 Bh6
53. Nd3 Qe6 54. Qf3 Qf5 55. Ke2 Bg7 56. Kd2 Bf6 57. Qc6 Qa5+ 58. Kc2 Qc3+ 59.
Qxc3 dxc3 60. Nb4 a5 61. Nc6 Kf5 62. Nxa5 Kxf4 63. Nc6 Ke4 64. a5 Kd5 65. Nb4+
Kd6 66. Kd3 Bg7 67. Kc4 Kc7 68. Kb5 Kb7 69. a6+ Ka7 70. h3 Bh8 71. Nc2 Bg7 72.
Nb4 Bh8 73. Kc4 Bg7 74. Kd3 h4 75. Kc4 Bh8 76. Kb5 Bg7 77. Nc2 Bf6 78. Ne3 Bd4
79. Nc2 Bf6 80. Nb4 Bg7 81. Kc4 Bh8 82. Kd3 1/2-1/2